Library Logo

Pioneer International University Library Catalogue

Study guide for use with Sociology (Record no. 5864)

MARC details
000 -LEADER
fixed length control field 00314nam a22000977a 4500
005 - DATE AND TIME OF LATEST TRANSACTION
control field 20250901165547.0
008 - FIXED-LENGTH DATA ELEMENTS--GENERAL INFORMATION
fixed length control field 210909b |||||||| |||| 00| 0 eng d
050 ## - LIBRARY OF CONGRESS CALL NUMBER
Classification number HM51 .G45 1999
245 ## - TITLE STATEMENT
Title Study guide for use with Sociology
Remainder of title An introduction, 6th ed
Statement of responsibility, etc. Gelles, Richard
942 ## - ADDED ENTRY ELEMENTS (KOHA)
Source of classification or shelving scheme Library of Congress Classification
Classification part HM51 .G45 1999
Holdings
Withdrawn status Lost status Source of classification or shelving scheme Damaged status Not for loan Home library Current library Shelving location Date acquired Total checkouts Full call number Barcode Date last seen Date last checked out Price effective from Koha item type
    Library of Congress Classification     Main Library Main Library   09/09/2021 1 HM51 .G45 1999 PIU0003114 03/21/2023 03/03/2023 09/09/2021 Books